01163nam a2200253 a 450000100100000000500170001000800410002702000150006804000250008304100130010810000220012124500610014326000500020430000210025449000320027550002620030750000330056965000350060265000310063770000350066883000390070395201500074299900170089200003537220200930074308.0111028s1984 ag 000 f spa d a9501503267 aDO-SdBNPbspacBNPHU17aspaheng1 aAuel, Jean96118213aEl encuentro /cJean Auel ; traducción Raúl Acuña. aBuenos Aires :bJavier Vergara Editor,c1984. a315 p. ;c20 cm.0 aLos hijos de la tierra ;v4 aLa saga "Los hijos de la tierra" se compone de siguientes libros: El Clan del Oso Cavernario, La Cazadora, El Valle de los Caballos, El Encuentro, Los cazadores de mamuts, Las llanuras del tránsito, Los refugios de piedra, La Tierra de las cuevas pintadas aTít. original: The meeting24aLiteratura estadounidense926324aNovela estadounidense92621 aAcuña, Raúl,etrad.961183 4aLos hijos de la tierra ;n4961184 0010507-18MOaGRbGRcOId2011-10-28iLF1l0o p35372-10r2020-06-25w2020-06-25y1zBiblioteca Juan Isidro Jiménes GrullónZNo se presta c34863d34863